<?xml version="1.0" encoding="UTF-8"?>
<record
    xmlns:xsi="http://www.w3.org/2001/XMLSchema-instance"
    xsi:schemaLocation="http://www.loc.gov/MARC21/slim http://www.loc.gov/standards/marcxml/schema/MARC21slim.xsd"
    xmlns="http://www.loc.gov/MARC21/slim">

  <leader>03670nam a2200577Ia 4500</leader>
  <controlfield tag="001">4170</controlfield>
  <controlfield tag="008">241029s9999    xx            000 0 und d</controlfield>
  <datafield tag="010" ind1=" " ind2=" ">
    <subfield code="a">3920</subfield>
  </datafield>
  <datafield tag="041" ind1=" " ind2=" ">
    <subfield code="a">Espa&#xF1;ol</subfield>
  </datafield>
  <datafield tag="082" ind1=" " ind2=" ">
    <subfield code="a">NO APLICA</subfield>
  </datafield>
  <datafield tag="245" ind1=" " ind2="0">
    <subfield code="a">An&#xE1;lisis del desempe&#xF1;o del equipo de gesti&#xF3;n y su incidencia en la calidad educativa  de los Polit&#xE9;cnicos Altagracia Iglesia de Lora y El Padre Zegr&#xED; del Distrito Educativo 05. Regional 08 del a&#xF1;o escolar 2013-2014.</subfield>
  </datafield>
  <datafield tag="260" ind1=" " ind2=" ">
    <subfield code="a">Santiago</subfield>
  </datafield>
  <datafield tag="300" ind1=" " ind2=" ">
    <subfield code="a">102</subfield>
  </datafield>
  <datafield tag="520" ind1=" " ind2=" ">
    <subfield code="a">5</subfield>
  </datafield>
  <datafield tag="630" ind1=" " ind2=" ">
    <subfield code="a">Acompa&#xF1;amiento</subfield>
  </datafield>
  <datafield tag="630" ind1=" " ind2=" ">
    <subfield code="a">Acompa&#xF1;amiento Escolar</subfield>
  </datafield>
  <datafield tag="630" ind1=" " ind2=" ">
    <subfield code="a">Actitud de los Docentes</subfield>
  </datafield>
  <datafield tag="630" ind1=" " ind2=" ">
    <subfield code="a">Administraci&#xF3;n de Proyectos</subfield>
  </datafield>
  <datafield tag="630" ind1=" " ind2=" ">
    <subfield code="a">Calidad Educativa</subfield>
  </datafield>
  <datafield tag="650" ind1=" " ind2=" ">
    <subfield code="a">Gesti&#xF3;n Educativa</subfield>
  </datafield>
  <datafield tag="690" ind1=" " ind2=" ">
    <subfield code="a">Copiado sin cambios</subfield>
  </datafield>
  <datafield tag="700" ind1=" " ind2=" ">
    <subfield code="e">asesor</subfield>
    <subfield code="a">Rodr&#xED;guez, Eladia</subfield>
  </datafield>
  <datafield tag="700" ind1=" " ind2=" ">
    <subfield code="e">autor</subfield>
    <subfield code="a">Cr&#xFA;z Mora, Bilenia Marisel </subfield>
  </datafield>
  <datafield tag="700" ind1=" " ind2=" ">
    <subfield code="e">autor</subfield>
    <subfield code="a">Rubio L&#xF3;pez , Gabriela Alfonsina </subfield>
  </datafield>
  <datafield tag="901" ind1=" " ind2=" ">
    <subfield code="a">{"1":"Cr&#xFA;z Mora","2":"Rubio L&#xF3;pez "}</subfield>
    <subfield code="b">{"1":"Bilenia Marisel ","2":"Gabriela Alfonsina "}</subfield>
  </datafield>
  <datafield tag="902" ind1=" " ind2=" ">
    <subfield code="a">1</subfield>
  </datafield>
  <datafield tag="903" ind1=" " ind2=" ">
    <subfield code="a">{"1":"Rodr&#xED;guez"}</subfield>
    <subfield code="b">{"1":"Eladia"}</subfield>
  </datafield>
  <datafield tag="904" ind1=" " ind2=" ">
    <subfield code="a">Mag&#xED;ster en</subfield>
  </datafield>
  <datafield tag="905" ind1=" " ind2=" ">
    <subfield code="a">Gesti&#xF3;n de Centros Educativos</subfield>
  </datafield>
  <datafield tag="906" ind1=" " ind2=" ">
    <subfield code="a">2</subfield>
  </datafield>
  <datafield tag="907" ind1=" " ind2=" ">
    <subfield code="a">NO APLICA</subfield>
  </datafield>
  <datafield tag="908" ind1=" " ind2=" ">
    <subfield code="a">NO APLICA</subfield>
  </datafield>
  <datafield tag="909" ind1=" " ind2=" ">
    <subfield code="a">ISFODOSU, Recinto Emilio Prud'Homme</subfield>
  </datafield>
  <datafield tag="910" ind1=" " ind2=" ">
    <subfield code="a">NULL</subfield>
    <subfield code="b">NULL</subfield>
  </datafield>
  <datafield tag="911" ind1=" " ind2=" ">
    <subfield code="a">["1"]</subfield>
  </datafield>
  <datafield tag="912" ind1=" " ind2=" ">
    <subfield code="a">NO APLICA</subfield>
  </datafield>
  <datafield tag="913" ind1=" " ind2=" ">
    <subfield code="a">NULL</subfield>
  </datafield>
  <datafield tag="914" ind1=" " ind2=" ">
    <subfield code="a">15 de Enero de 2015</subfield>
  </datafield>
  <datafield tag="915" ind1=" " ind2=" ">
    <subfield code="a">07/11/19 10:11</subfield>
  </datafield>
  <datafield tag="916" ind1=" " ind2=" ">
    <subfield code="a">NULL</subfield>
  </datafield>
  <datafield tag="917" ind1=" " ind2=" ">
    <subfield code="a">NULL</subfield>
  </datafield>
  <datafield tag="918" ind1=" " ind2=" ">
    <subfield code="a">NO APLICA</subfield>
  </datafield>
  <datafield tag="919" ind1=" " ind2=" ">
    <subfield code="a">["1","207","4","9","29"]</subfield>
  </datafield>
  <datafield tag="520" ind1=" " ind2=" ">
    <subfield code="a">Esta investigaci&#xF3;n contempl&#xF3; como prop&#xF3;sito general analizar el desempe&#xF1;o del equipo de gesti&#xF3;n y su incidencia en la Cclidad Educativa &#xA0;de los Polit&#xE9;cnicos Altagracia Iglesia de Lora y El Padre Zegr&#xED; del Distrito Educativo 05. Regional 08 del a&#xF1;o Escolar 2013-2014. Se tomaron en cuenta las variables, funciones del equipo de gesti&#xF3;n, nivel de participaci&#xF3;n, toma de decisiones y aportes a la Calidad Educativa. En el estudio se utiliz&#xF3; un dise&#xF1;o metodol&#xF3;gico de tipo descriptivo, que consiste especificar las propiedades, caracter&#xED;sticas y los perfiles de personas, comunidades o cualquier otro fen&#xF3;meno que se somete a un an&#xE1;lisis (Hern&#xE1;ndez, 2006). Se utiliz&#xF3; el cuestionario como instrumento de recolecci&#xF3;n de datos. &#xA0; &#xA0;Los resultados del estudio mostraron que el ejercicio de las funciones del equipo de gesti&#xF3;n, est&#xE1;n en consonancia con lo establecido en el modelo de gesti&#xF3;n para la calidad de centros Educativos. El 75% de la poblaci&#xF3;n de profesores del Centro Educativo Padre Zegri, est&#xE1;n de acuerdo que el equipo de gesti&#xF3;n siempre cumple con sus funciones tocantes a la elaboraci&#xF3;n de estos planes y proyectos. S&#xF3;lo del 37% de los padres y madres del Polit&#xE9;cnico Altagracia Iglesia, admite que el equipo de gesti&#xF3;n fomenta un clima favorable en el proceso ense&#xF1;anza-aprendizaje.&#xA0;En el Polit&#xE9;cnico Padre Zegr&#xED;, el equipo de gesti&#xF3;n como los docentes dice que siempre 100% se propicia el cumplimiento del horario y el calendario escolar establecido por el MINERD. Existe una similitud entre el personal docente (61.5%) y el equipo de gesti&#xF3;n &#xA0;(66.5%) encuestado en el Polit&#xE9;cnico sobre la evaluaci&#xF3;n de desempe&#xF1;o de los docentes por parte del equipo de gesti&#xF3;n. En cuanto a la principal recomendaci&#xF3;n, &#xE9;sta estuvo dirigida a los equipos de gesti&#xF3;n, referente a consensuar las decisiones tomando en cuenta los dem&#xE1;s miembros del equipo y a los docentes y seguir fomentando el clima favorable en la comunidad educativa.</subfield>
  </datafield>
  <datafield tag="921" ind1=" " ind2=" ">
    <subfield code="a">11</subfield>
  </datafield>
  <datafield tag="922" ind1=" " ind2=" ">
    <subfield code="a">11</subfield>
  </datafield>
  <datafield tag="923" ind1=" " ind2=" ">
    <subfield code="a">0</subfield>
  </datafield>
  <datafield tag="924" ind1=" " ind2=" ">
    <subfield code="a">NO APLICA</subfield>
  </datafield>
  <datafield tag="942" ind1=" " ind2=" ">
    <subfield code="c">Tesis</subfield>
  </datafield>
  <datafield tag="999" ind1=" " ind2=" ">
    <subfield code="c">3920</subfield>
    <subfield code="d">3920</subfield>
  </datafield>
</record>
